Hacker & Moore's essentials of obstetrics and gynecology (Record no. 289)

000 -LEADER
fixed length control field 01890nam a22005057a 4500
001 - CONTROL NUMBER
control field 921141512
003 - CONTROL NUMBER IDENTIFIER
control field OCoLC
005 - DATE AND TIME OF LATEST TRANSACTION
control field 20241110172700.0
008 - FIXED-LENGTH DATA ELEMENTS--GENERAL INFORMATION
fixed length control field 150910s2016 pau b 001 0 eng
010 ## - LIBRARY OF CONGRESS CONTROL NUMBER
LC control number 2015035364
016 7# - NATIONAL BIBLIOGRAPHIC AGENCY CONTROL NUMBER
Record control number 101667911
Source DNLM
020 ## - INTERNATIONAL STANDARD BOOK NUMBER
International Standard Book Number 9781455775583 (pbk. : alk. paper)
020 ## - INTERNATIONAL STANDARD BOOK NUMBER
International Standard Book Number 1455775584 (pbk. : alk. paper)
020 ## - INTERNATIONAL STANDARD BOOK NUMBER
International Standard Book Number 9780323340533 (international edition)
020 ## - INTERNATIONAL STANDARD BOOK NUMBER
International Standard Book Number 0323340539 (international edition)
035 ## - SYSTEM CONTROL NUMBER
System control number (OCoLC)921141512
Canceled/invalid control number (OCoLC)913302681
-- (OCoLC)914223509
040 ## - CATALOGING SOURCE
Original cataloging agency DNLM/DLC
Language of cataloging eng
Description conventions rda
Transcribing agency DLC
Modifying agency NLM
-- YDXCP
-- BTCTA
042 ## - AUTHENTICATION CODE
Authentication code pcc
049 ## - LOCAL HOLDINGS (OCLC)
Holding library YYEA
-- VZYM
080 ## - UNIVERSAL DECIMAL CLASSIFICATION NUMBER
Universal Decimal Classification number 618
Item number H-12
099 ## - LOCAL FREE-TEXT CALL NUMBER (OCLC)
Classification number INTERNET LINK
100 ## - MAIN ENTRY--PERSONAL NAME
9 (RLIN) 173
Personal name Hacker,F.Neville
245 00 - TITLE STATEMENT
Title Hacker & Moore's essentials of obstetrics and gynecology
Statement of responsibility, etc. [edited by] Neville F. Hacker, Joseph C. Gambone, Calvin J. Hobel.
246 1# - VARYING FORM OF TITLE
Title proper/short title Hacker and Moore's essentials of obstetrics and gynecology.
246 1# - VARYING FORM OF TITLE
Title proper/short title Essentials of obstetrics and gynecology.
250 ## - EDITION STATEMENT
Edition statement 6th ed.
260 ## - PUBLICATION, DISTRIBUTION, ETC.
Place of publication, distribution, etc. Philadelphia, PA :
Name of publisher, distributor, etc. Elsevier,
Date of publication, distribution, etc. [2016]
300 ## - PHYSICAL DESCRIPTION
Extent 497p.
Dimensions ill
365 ## - TRADE PRICE
Price amount 47.99 usd
500 ## - GENERAL NOTE
General note Preceded by Hacker and Moore's essentials of obstetrics and gynecology / [edited by] Neville F. Hacker, Joseph C. Gambone, Calvin J. Hobel.
500 ## - GENERAL NOTE
General note EINSTEIN & MMC: available online via Clinical Key. See Reference staff for assistance.
504 ## - BIBLIOGRAPHY, ETC. NOTE
Bibliography, etc. note Includes bibliographical references and index.
650 12 - SUBJECT ADDED ENTRY--TOPICAL TERM
Topical term or geographic name entry element Obstetrics
General subdivision methods.
650 22 - SUBJECT ADDED ENTRY--TOPICAL TERM
Topical term or geographic name entry element Genital Diseases, Female.
650 22 - SUBJECT ADDED ENTRY--TOPICAL TERM
Topical term or geographic name entry element Pregnancy Complications.
653 ## - INDEX TERM--UNCONTROLLED
Uncontrolled term გინეკოლოგია
653 ## - INDEX TERM--UNCONTROLLED
Uncontrolled term მეანობა
653 ## - INDEX TERM--UNCONTROLLED
Uncontrolled term მედიცინა
655 #7 - INDEX TERM--GENRE/FORM
Genre/form data or focus term Electronic books.
700 1# - ADDED ENTRY--PERSONAL NAME
Personal name Hacker, Neville F.
700 1# - ADDED ENTRY--PERSONAL NAME
Personal name Gambone, Joseph C.
700 1# - ADDED ENTRY--PERSONAL NAME
Personal name Hobel, Calvin J.
710 2# - ADDED ENTRY--CORPORATE NAME
Corporate name or jurisdiction name as entry element Clinical Key (Online Service)
942 ## - ADDED ENTRY ELEMENTS (KOHA)
Source of classification or shelving scheme
Koha item type Books
Holdings
Withdrawn status Lost status Source of classification or shelving scheme Damaged status Not for loan Permanent location Current location Date acquired Inventory number Total Checkouts Full call number Barcode Date last seen Price effective from Koha item type
          Ken Walker International University Ken Walker International University 11/20/2020 986   618 H-12 986 11/20/2020 11/20/2020 Books
          Ken Walker International University Ken Walker International University 11/20/2020 998   618 H-12 998 11/20/2020 11/20/2020 Books

Powered by Koha